| 000 | 00892nam a2200241Ia 4500 | ||
|---|---|---|---|
| 003 | OSt | ||
| 005 | 20220923212808.0 | ||
| 006 | a|||||r|||| 00| 0 | ||
| 007 | ta | ||
| 008 | 220922b |||||||| |||| 00| 0 hin d | ||
| 024 | _a155,873 | ||
| 037 | _cTextual | ||
| 040 |
_aARTS _cARTS _bhin |
||
| 041 |
_2hin _ahin |
||
| 082 | _aO152:g, M2 | ||
| 100 |
_aगणेश प्रसाद _9156291 |
||
| 245 | 0 | _aहिन्दी शोध* दिशाएॅं ,प्रवृत्तियॉं एवं उपलब्धियॉं | |
| 246 | _aHindī shodha: dishāeॅan ,pravṛuttiyaॉan evan upalabdhiyaॉan | ||
| 260 |
_aभुजफरपुर _b सर्वोदय वाड्मय _c1982 |
||
| 650 |
_aहिन्दी साहित्य _9156264 |
||
| 942 |
_hO152:g, M2 _cTEXL _2CC |
||
| 999 |
_c311341 _d311341 |
||